| 000 | 00799cam a2200217 4500 | ||
|---|---|---|---|
| 008 | 041019n2004 000 0 eng u | ||
| 020 | _a1857883489 | ||
| 035 | _a(Sirsi) u127752 | ||
| 041 | _aeng. | ||
| 050 |
_a306.1 _c18 |
||
| 100 | _aCalverley, J. P. | ||
| 245 | _aBubbles and how to survive them | ||
| 260 |
_aLondon _bNicholas Brealey Publishing _c2004 |
||
| 300 |
_axiii, 220p. _c24cm. |
||
| 350 | _a20 | ||
| 520 | _aExamines economic bubbles. Low interest rates have created a housing bubble, with investors turning to property to provide for their retirement. Discusses why bubbles occur, and the impact of them should they burst. | ||
| 650 | _aPROPERTY MARKET | ||
| 650 |
_aInvestments _96250 |
||
| 690 | _aPROPERTY-RESIDENTIAL PROPERTY-RESIDENTIAL PROPERTY MARKET | ||
| 942 | _n0 | ||
| 999 |
_c103821 _d103821 |
||